| 000 | 01138cam a2200385 4500 | ||
|---|---|---|---|
| 001 | a462 | ||
| 003 | DO-SdBNP | ||
| 005 | 20230313134339.0 | ||
| 007 | a462 | ||
| 008 | 100302s2009 sp | |||| 000 f spa | ||
| 015 | _a | ||
| 017 |
_a _b |
||
| 020 | _a9788466324717 | ||
| 035 | _a | ||
| 040 |
_aBPMSU _bspa _cBPMSU _e |
||
| 080 | _a | ||
| 082 | 4 |
_a859.1 _b M958e 2009 _222 |
|
| 092 | _b | ||
| 100 | 1 |
_aMüller, Herta _d1953- |
|
| 240 | 1 | 0 |
_aNiederungen _lEspañol |
| 245 | 1 | 0 |
_aEn tierras bajas / _cHerta Müller ; traducción de Juan José del Solar _h |
| 250 | _a | ||
| 260 |
_aMadrid : _bSantillana Ediciones Generales, _c2009 |
||
| 300 |
_a191 p.: _c20 cm |
||
| 490 | 0 |
_aPunto de lectura ; _aNarrativa, _v386/1 |
|
| 534 |
_aTítulo original : _t Niederungen. |
||
| 586 | _aPremio Nobel, 2009 | ||
| 590 | _6Inventariado, 2023/VVM | ||
| 650 | 4 |
_aEnsayos rumanos _z |
|
| 650 | 4 | _aCuentos autobiográficos. | |
| 651 | 4 |
_aRomania _xPolítica y gobierno _y1944-1989 _vCuentos |
|
| 700 | 1 |
_a Solar, Juán José del, _etr. |
|
| 910 | _aVMateo V. Control de calidad (BPMSU) | ||
| 942 |
_2ddc _cBK |
||
| 999 |
_c10478 _d10478 |
||